<?xml version="1.0" encoding="UTF-8"?>
<record
    xmlns:xsi="http://www.w3.org/2001/XMLSchema-instance"
    xsi:schemaLocation="http://www.loc.gov/MARC21/slim http://www.loc.gov/standards/marcxml/schema/MARC21slim.xsd"
    xmlns="http://www.loc.gov/MARC21/slim">

  <leader>00589nam a2200181Ia 4500</leader>
  <controlfield tag="008">100917s9999    xx            000 0 und d</controlfield>
  <datafield tag="082" ind1=" " ind2=" ">
    <subfield code="b">25864</subfield>
  </datafield>
  <datafield tag="100" ind1=" " ind2=" ">
    <subfield code="a">&#x905;&#x936;&#x94B;&#x915; &#x92E;&#x928;&#x94B;&#x939;&#x930;</subfield>
  </datafield>
  <datafield tag="245" ind1=" " ind2=" ">
    <subfield code="a">&#x916;&#x947;&#x921;&#x94D;&#x92F;&#x93E;&#x924;&#x940;&#x932; &#x936;&#x94D;&#x930;&#x92E;&#x93F;&#x915;&#x93E;&#x902;&#x928;&#x94B;</subfield>
  </datafield>
  <datafield tag="260" ind1=" " ind2=" ">
    <subfield code="b">&#x92E;&#x93E;&#x917;&#x94B;&#x935;&#x93E; &#x92A;&#x94D;&#x930;&#x915;&#x93E;&#x936;&#x928;</subfield>
    <subfield code="c">1974</subfield>
  </datafield>
  <datafield tag="300" ind1=" " ind2=" ">
    <subfield code="a">56</subfield>
  </datafield>
  <datafield tag="365" ind1=" " ind2=" ">
    <subfield code="b">0.5</subfield>
  </datafield>
  <datafield tag="520" ind1=" " ind2=" ">
    <subfield code="a">&#x928;&#x93F;&#x92C;&#x902;&#x927;</subfield>
  </datafield>
  <datafield tag="630" ind1=" " ind2=" ">
    <subfield code="a">&#x916;&#x947;&#x921;&#x94D;&#x92F;&#x93E;&#x924;&#x940;&#x932; &#x936;&#x94D;&#x930;&#x92E;&#x93F;&#x915;&#x93E;&#x902;&#x928;&#x94B;</subfield>
  </datafield>
  <datafield tag="650" ind1=" " ind2=" ">
    <subfield code="a">&#x928;&#x93F;&#x92C;&#x902;&#x927;</subfield>
  </datafield>
  <datafield tag="730" ind1=" " ind2=" ">
    <subfield code="a">&#x916;&#x947;&#x921;&#x94D;&#x92F;&#x93E;&#x924;&#x940;&#x932; &#x936;&#x94D;&#x930;&#x92E;&#x93F;&#x915;&#x93E;&#x902;&#x928;&#x94B;</subfield>
  </datafield>
  <datafield tag="942" ind1=" " ind2=" ">
    <subfield code="c">BOOK</subfield>
  </datafield>
  <datafield tag="999" ind1=" " ind2=" ">
    <subfield code="c">631258</subfield>
    <subfield code="d">631255</subfield>
  </datafield>
  <datafield tag="952" ind1=" " ind2=" ">
    <subfield code="0">0</subfield>
    <subfield code="1">1</subfield>
    <subfield code="4">0</subfield>
    <subfield code="7">0</subfield>
    <subfield code="a">PUNMGS</subfield>
    <subfield code="b">PUNMGS</subfield>
    <subfield code="c">&#x926;, 6 &#x925; 74</subfield>
    <subfield code="d">2010-09-17</subfield>
    <subfield code="g">0.50</subfield>
    <subfield code="l">0</subfield>
    <subfield code="p">PUNMGS-25864</subfield>
    <subfield code="r">2010-09-17 00:00:00</subfield>
    <subfield code="w">2010-09-17</subfield>
    <subfield code="y">BOOK</subfield>
    <subfield code="z">&#x917;&#x939;&#x93E;&#x933;</subfield>
  </datafield>
</record>
